Polscy złoci olimpijczycy XXI w. - foto nagła śmierć - 2026.01. - Statystyki

Ogólne statystyki
  • Ten quiz został rozwiązany 562 razy
  • Średni wynik to 5 z 15
Answers on the Grid
Answers color-coded by a green-red scale on the quiz's grid according to % correct below.
 
Statystyki odpowiedzi
Odpowiedź % Poprawnych
Kamil Stoch
2014 x2, 2018
61%
Anita Włodarczyk
2012, 2016, 2020
60%
Justyna Kowalczyk
2010, 2014
54%
Aleksandra Mirosław
2024
53%
Tomasz Majewski
2008, 2012
40%
Robert Korzeniowski
2004
39%
Otylia Jędrzejczak
2004
37%
Wojciech Nowicki
2020
31%
Leszek Blanik
2008
27%
Magdalena Fularczyk-Kozłowska
2016
27%
Dawid Tomala
2020
24%
Adrian Zieliński
2012
18%
Kajetan Duszyński
2020
17%
Robert Sycz
2004
17%
Marek Kolbowicz
2008
15%
Nie znaleziono quizów pasujących do podanych kryteriów
Rozkład punktacji
Procent ludzi z każdym wynikiem
Percentyl według liczby udzielonych odpowiedzi
Twoja historia wyników
Nie rozwiązałeś tego quizu